00373nam a2200133Ia 4500003000400000008004100004040001600045082002000061100002000081245007000101700002300171260003500194300001000229GCL140319s9999 xx 000 0 eng d aGCL / cGCL04a808.899283bK L1 aKNOULES, MURRAY10aLANGUAGE AND CONTROL IN CHILDREN'S LITERATURE / cKNOULES, MURRAY1 aMALMKJOER, KIRSTEN a[S.N] : bROUITLEDGE ، c1996 a284 P